Nazwy pizz K15 Krosno - Statystyki

Ogólne statystyki
  • Ten quiz został rozwiązany 17 razy
  • Średni wynik to 11 z 29
Statystyki odpowiedzi
Numer pizzy Odpowiedź % Poprawnych
1 Margheritta
75%
4 Capriciosa
67%
14 Diavola
67%
2 Marinara
58%
25 Parma
58%
6 Bella Italia
42%
7 Broccoli
42%
13 Carezze
42%
21 Carne
42%
5 Etna
42%
16 Paradise
42%
29 Pesto
42%
20 Pietro
42%
17 Siciliana
42%
15 Texana
42%
8 Tutti Frutti
42%
3 Vegetariana
42%
10 Frutti Di Mare
33%
19 Madre di Vovo
33%
28 Primavera
33%
11 Ultima Virginia
33%
18 Baccio
25%
27 Barbietola
25%
22 Bufalo
25%
24 Jalapeno
25%
23 Mirtillo Rosso
25%
26 Spianata Piccante
25%
12 Calciatore
17%
9 Pascatore
17%
Nie znaleziono quizów pasujących do podanych kryteriów
Rozkład punktacji
Procent ludzi z każdym wynikiem
Percentyl według liczby udzielonych odpowiedzi
Twoja historia wyników
Nie rozwiązałeś tego quizu